000 00453nam a2200181Ia 4500
003 GCL
008 140319s9999 xx 000 0 eng d
040 _aGCL /
_cGCL
082 0 4 _a621.3815284
_bT P
100 1 _aTAYLOR,B.E
245 1 0 _aPOWER MOSFET DESIGN /
_cTAYLOR,B.E
260 _a[S.N] :
_bJOHN WILEY AND SONS. INC ،
_c1993
300 _a198
650 0 4 _aDESIGN
650 0 4 _aPOWER TRANSISTORS
650 0 4 _aTRANSISTORS
942 _2ddc
_cBK
999 _c15459
_d15459